The roles and responsibilities of inspectors general within financial regulatory agencies : hearing before the Subcommittee on Government Management, Organization, and Procurement of the Committee on Oversight and Government Reform, House of Representatives, One Hundred Eleventh Congress, first session, March 25, 2009.

Bibliographic Details
Corporate Author: United States. Congress. House. Committee on Oversight and Government Reform. Subcommittee on Government Management, Organization, and Procurement
Format: Government Document eBook
Language:English
Published: Washington : U.S. G.P.O., 2010.
Subjects:
Online Access:Electronic resource (PDF)

MARC

Tag First Indicator Second Indicator Subfields
LEADER 00000cam a22000001a 4500
001 in00004100701
005 20200117091342.0
006 m d f
007 cr bn mmmapmmp
008 100910s2010 dcu ob f000 0 eng d
035 |a chdc201000663 
040 |a UMI  |c UMI  |d UtOrBLW 
042 |a pcc 
043 |a n-us--- 
074 |a 1016-A 
086 0 |a Y 4.G 74/7:111-49 
088 |a Serial no. 111-49 (United States. Congress. House. Committee on Oversight and Government Reform) 
110 1 |a United States.  |b Congress.  |b House.  |b Committee on Oversight and Government Reform.  |b Subcommittee on Government Management, Organization, and Procurement.  |0 http://id.loc.gov/authorities/names/no2007082960 
245 1 4 |a The roles and responsibilities of inspectors general within financial regulatory agencies :  |b hearing before the Subcommittee on Government Management, Organization, and Procurement of the Committee on Oversight and Government Reform, House of Representatives, One Hundred Eleventh Congress, first session, March 25, 2009. 
264 1 |a Washington :  |b U.S. G.P.O.,  |c 2010. 
264 2 |a Washington :  |b For sale by the Supt. of Docs., U.S. G.P.O. 
300 |a iii, 94 pages, digital, PDF file. 
336 |a text  |b txt  |2 rdacontent 
337 |a computer  |b c  |2 rdamedia 
338 |a online resource  |b cr  |2 rdacarrier 
500 |a Shipping list number: 2010-0336-P. 
504 |a Includes bibliographical references. 
500 |a "Serial number 111-49." 
500 |a Record is based on bibliographic data in ProQuest Congressional Hearings Digital Collection. Reuse except for individual research requires license from ProQuest, LLC. 
500 |a Electronic resource. 
533 |a Electronic reproduction.  |b [Bethesda, Md.] :  |c ProQuest,  |d 2010.  |e digital, PDF file.  |n ProQuest U.S. Congressional Hearings Digital Collection.  |n Mode of access: World Wide Web via ProQuest website. 
538 |a System requirements: PDF reader software. 
650 0 |a Government investigators  |z United States. 
650 0 |a Securities commissions  |z United States  |x Auditing. 
650 0 |a Independent regulatory commissions  |z United States  |x Auditing. 
650 0 |a Financial services industry  |x State supervision  |z United States. 
776 0 8 |i Print version:   |a United States. Congress. House. Committee on Oversight and Government Reform. Subcommittee on Government Management, Organization, and Procurement.  |t Roles and responsibilities of inspectors general within financial regulatory agencies  |w 9780160861413  |w 0160861411  |w (OCoLC)ocn652479823  |z 2010478606 
776 0 8 |i Microfiche version:   |a United States. Congress. House. Committee on Oversight and Government Reform. Subcommittee on Government Management, Organization, and Procurement.  |t roles and responsibilities of inspectors general within financial regulatory agencies  |d [Bethesda, Md.] : ProQuest,[2010]  |o CIS 2010 H601-75  |w (ProQuest)cis01001216  
856 4 0 |u http://proxy.library.tamu.edu/login?url=http://search.proquest.com/congcomp/getdoc?HEARING-ID=HRG-2009-CGR-0047  |y Electronic resource (PDF)  |t 0 
998 |a cis01001216  
999 f f |s 199f1c28-0fad-3a96-9855-e6018c8ef1a6  |i 7e9a59c5-cc90-3208-8150-a7c605aeda65  |t 0 
952 f f |a Texas A&M University  |b College Station  |c Electronic Resources  |d Available Online  |t 0  |e Y 4.G 74/7:111-49  |h Superintendent of Documents classification 
998 f f |a Y 4.G 74/7:111-49  |t 0  |l Available Online